Responses for Show #6790 - Friday, March 7, 2014

Battle of the Decades: The 1990s game 5.

Contestants

[<< previous game]

Brad Rutter, an actor and producer from Hollywood, California

Mike Dupée, a post-graduate student from Gainesville, Florida

Jill Bunzendahl Chimka, a director of therapy from Washington, D.C.

[next game >>]

Jeopardy! Round responses

OPRAH'S BOOK CLUB
THE 2-DOORS
THE WORLD WIDE "WEB"
ALL SORTS OF SPORTS
THE NEW YORK TIMES: THE 1990s
HAIL TO THE CHEF
    $200 2
(Toni) Morrison

Mike
    $200 26
the Thunderbird

Brad
    $200 21
a cobweb

Mike
    $200 7
John Elway

Brad
    $200 13
(Mike: Uh, who is... Gambino?)

John Gotti

MikeBrad
    $200 1
Wolfgang Puck

Brad
    $400 3
Bill Cosby

Brad
    $400 27
(Brad: What's a Corvair?)

the Corvette

Brad
Triple Stumper
    $400 22
[Jill gave both responses; Alex noted they were both correct.]

web-toed (or web-footed)

Jill
    $400 8
(Nadia) Comăneci

Brad
    $400 17
(Mike: What is [*]?)

the Son of Sam

Mike
    $400 12
Le Cordon Bleu

Mike
    $600 4
(Mike: Who is... Doyle?)

Sue Monk Kidd

Mike
Triple Stumper
    $600 28
a Spitfire

Brad
    $600 23
Web Slinger

Brad
    $600 9
Navratilova

Mike
    $600 18
TWA

Brad
    $600 14
Jamie Oliver

Brad
    $800 5
The Book of Ruth

Triple Stumper
    $800 29
the Miata

Jill
    $800 24
a food web

Mike
    $800 10
the Preakness

Brad
    $800 19
Kenya & Tanzania

Mike
    $800 15
Nigella Lawson

Brad
    $1000 6
A Million Little Pieces

Brad
    $1000 30
the Morris Minor

Triple Stumper
    $1000 25
(Brad: What is the Webber-Ashburton Treaty?)
...
(Alex: The Webster, not Webber. Sorry, Brad.)

the Webster-Ashburton Treaty

MikeBrad
    $1000 11
Frank Thomas

Brad
    $1,500 20
(Alex: [*]; [*] Accords.)

Dayton

Mike
    $1000 16
Escoffier

Brad

Scores at the first commercial break (after clue 15):

Jill Mike Brad
$0 $400 $5,600

Scores at the end of the Jeopardy! Round:

Jill Mike Brad
$1,200 $5,100 $7,200

Double Jeopardy! Round responses

ASIAN GEOGRAPHY
MOVIE SONGS
14-LETTER WORDS
THE AMERICAN REVOLUTION
CAUSES & EFFECTS
TELL US WHAT HE'S WON!
    $400 1
the Gobi

Mike
    $400 10
"Unchained Melody"

Brad
    $400 9
a procrastinator

Jill
    $400 12
John Paul Jones

Mike
    $400 21
a meteorite

Mike
    $400 26
the Mark Twain Prize

Brad
    $800 2
Lake Baikal

Brad
    $800 17
Team America: World Police

Brad
    $800 13
videocassettes

Brad
    $800 11
Lexington

Mike
    $800 22
photons

Mike
    $800 27
the Spingarn Medal

Mike
    $1200 6
Oman

Brad
    $1200 18
Blues Traveler

Brad
    $1200 14
astrophysicist

Brad
    $3,000 3
the Sons of Liberty

Brad
    $1200 23
(Brad: What is... strepto-lococcus?)
(Alex: Say that again.)
(Brad: [*]?)

streptococcus

Brad
    $1200 28
Super Bowl MVP

Brad
    $2,000 7
(Alex: You see the possibilities.)
(Brad: Yeah, I know this one's gonna be evil, though. Uh, I'll stick with $2,000.)
[Laughter]

Colombo

Brad
    $1600 19
(Jill: What is... Blue Velvet?)

Wild at Heart

JillBrad
    $1600 15
conjunctivitis

Brad
    $1600 4
New Brunswick

Triple Stumper
    $1600 24
Bernoulli

Brad
    $1600 29
(Brad: What is... Mr. Olympia?)

Mr. Universe

MikeBrad
    $2000 8
Hainan

Mike
    $2000 20
"East Bound And Down"

Brad
    $2000 16
indoctrination

Triple Stumper
    $2000 5
(John) Burgoyne

Mike
    $2000 25
a subduction zone

Brad
    $2000 30
(Alex: [*] is right, and that was a fortuitous response for you, Brad.)

the Pritzker

Brad

Scores at the end of the Double Jeopardy! Round:

Jill Mike Brad
$0 $14,300 $30,600
(lock game)

[wagering suggestions for these scores]

Final Jeopardy! Round responses

BIBLICAL NAMES
MikeWhat is Seth? [Heart drawing with a "Z" inside]
$14,000
BradWhat is Ishmael?
$0
Seth

Final scores:

Jill Mike Brad
$0 $28,300 $30,600
3rd place: $5,000 2nd place: $5,000 Quarterfinalist

Game dynamics:

Coryat scores:

Jill Mike Brad
$0 $13,800 $28,400
3 R,
1 W
18 R
(including 1 DD),
2 W
33 R
(including 2 DDs),
3 W

Combined Coryat: $42,200

[game clues] [game scores] [suggest correction]

Game tape date: 2014-01-21
The J! Archive is created by fans, for fans. Scraping, republication, monetization, and malicious use prohibited; this site may use cookies and collect identifying information. See terms. The Jeopardy! game show and all elements thereof, including but not limited to copyright and trademark thereto, are the property of Jeopardy Productions, Inc. and are protected under law. This website is not affiliated with, sponsored by, or operated by Jeopardy Productions, Inc. Join the discussion at JBoard.tv.